Statistics for Rock Music Band Names by Antonyms and Opposites

Click here to take the quiz!

General Stats

  • This quiz has been taken 213 times
  • The average score is 7 of 20

Answer Stats

Hint Answer % Correct
AA BottomZZ Top
84%
BrunetteBlondie
77%
Shallow YellowDeep Purple
65%
Hot WorkColdplay
64%
White WeekdayBlack Sabbath
64%
Red NightGreenday
60%
Me neitherU2
58%
Living HumphreysDead Kennedys
42%
DesertOasis
38%
Brothers of RuthlessnessSisters of Mercy
33%
Peaceful HommesViolent Femmes
26%
Complicated MattersSimple Minds
23%
Free will's parentDestiny's child
20%
Servants of IllusionMasters of Reality
20%
Noon WaterMidnight Oil
19%
DawdleRush
18%
EndingGenesis
14%
The Comically SquareThe Tragically Hip
13%
The OriginalsThe Pretenders
5%
Uniform IndividualMotley Crue
1%

Score Distribution

Percentile by Number Answered

Percent of People with Each Score

Your Score History

You have not taken this quiz